000 00339 a2200157 4500
001 154916
040 _cEscola São Tomás de Aquino
100 _aFONSECA, Martha Reis Marques
240 1 0 _aQuímica Geral
_lpor
245 1 0 _aQuímica Geral
300 _a144
362 0 _a2007
440 1 _aFTD
697 _aQUÍMICA
942 _cBK
999 _c154916
_d154916